000 01177cam a22002891 4500
001 gs 19000070
003 DLC
005 20260227111323.0
008 770328s1919 xx a f000 0 eng
010 _ags 19000070
035 _a(OCoLC)2841875
040 _aDLC
_cNUtSU
_dDLC
042 _apremarc
050 0 0 _aQE75
_b.P9 no. 107
051 _aTN24.U8
_bL7
_cCopy 2.
100 1 _aLindgren, Waldemar,
_d1860-1939.
245 1 0 _aGeology and ore deposits of the Tintic mining district, Utah
_bby Waldemar Lindgren and G. F. Loughlin,
_cwith a historical review by V. C. Heikes.
260 _aWashington,
_bGovt. Print. Off.,
_c1919.
300 _a282 p.
_billus., XXXIX pl. (part col., part fold.; incl. maps, plan, profiles, diagrs.) on 28 leaves; fold. table
_c29 cm.
490 0 _aU. S. Geological Survey. Professional paper 107.
500 _aAt head of title: Department of the Interior.
500 _aThree maps, plan, 2 profiles and diagram in pocket.
650 0 _aGeology
_zUtah.
650 0 _aMines and mineral resources
_zUtah.
700 1 _aLoughlin, G. F.
_q(Gerald Francis),
_d1880-1946,
_ejoint author.
700 1 _aHeikes, V. C.
_q(Victor Conrad),
_d1867-
999 _c25907
_d25907